Регионална библиотека "Любен Каравелов" - Русе

Играя, уча, зная - Животните (Запис номер 436656)

MARC детайли
000 -Лидер
Контролно поле с фиксирана дължина 01056nam a2200265 a 4500
003 - Код на организацията, давaща контролен номер
Контролно поле BLK
005 - Дата и час на последна редакция
Контролно поле 20230530132832.0
008 - Елементи от данни с фиксирана дължина
fixed length control field 200629b bu ||||| |||| 00| 0 bu d
020 ## - Международен стандартен номер на книга ISBN
Международен стандартен номер на книга ISBN 9786191516490
040 ## - Източник на каталожния запис
Идентификатор на билиотеката - собственик на записа BLK
041 ## - Код за език
Код за езика на текст/звукозапис или на отделно заглавие Български
Код за езика КДБФ Български
080 ## - УДК
Текстов определител УДК Занимания в предучилищна възраст
УДК код - определител по УДК 372.3
УДК - код + определител 373.3
100 ## - Редна дума - Автор
R(LIN) 1299
Автор Фанти, Роберта
Авторска отговорност първи автор
139 ## - Редно поле
Редна дума Фанти, Роберта
Авторски знак Фант - Ф 22
245 ## - Сведения за заглавието
Заглавие Играя, уча, зная - Животните
Подзаглавни данни Занимателни задачи, игри и упражнения за фината моторика
Редно поле (дума) Роберта Фанти
260 ## - Област на издателските данни
9 (RLIN) 209582
Място на издаване, разпространение и проч. София
Име на издателя, разпространителя и проч. СофтПрес
Година на издаване 2021
Издателство - префикс ISBN 978-619-151- ; 978-954-685-
300 ## - Физическа характеристика
Страници 48 с.
Размери/Мащаб 30 см
380 ## - Жанр
Жанр Обществени науки
653 #7 - Ключова дума – ненормативна
9 (RLIN) 199116
Ключова дума учебно-възпитателна работа
653 #7 - Ключова дума – ненормативна
9 (RLIN) 184839
Ключова дума детски градини
852 ## - Местоположение
Форматна сигнатура Цб ІІ 30873
Фондова буква Хранилище
999 ## - СИСТЕМНИ КОНТРОЛНИ НОМЕРА
Koha biblionumber 436656
Koha biblioitemnumber 436656
942 ## - АРТИКУЛИ
Вид на библиотечния материал Книги
Скрит в OPAC Не
Периодичен библиозапис Да
Koha issues (borrowed), all copies 2
944 ## - СЪЗДАВАНЕ И РЕДАКЦИЯ на ЗАПИСА
Създаване/Редакция Създаване
Дата на регистрацията/редакция 2021-11-12
Служител, извършил регистрацията/редакцията В. Т.
944 ## - СЪЗДАВАНЕ И РЕДАКЦИЯ на ЗАПИСА
Създаване/Редакция Редакция
Дата на регистрацията/редакция 2022-05-12
Служител, извършил регистрацията/редакцията Кети
Наличности
Код за отписване Код за изгубен артикул Източник на класификационната схема Код за повреда Коз за рестрикции Код за отдаване Артикулен № Име на библиотеката - собственик Име на библиотеката, в която се намира в момента Статус (Текущо местоположение) Дата на вписване в системата Местоположение - отдел Цена в лева Систематично азбучна сигнатура Баркод Цена в евро Служебен тип на артикула
  Не е изгубен Universal Decimal Classification Не е повреден без рестрикции заемане за дома 861603 Регионална библиотека "Любен Каравелов" Русе Регионална библиотека "Любен Каравелов" Русе Детски отдел 2021-11-12 Детски отдел 5.59 373.2/Ф 22 Р 120000862410 2.86 Книги
  Не е изгубен Universal Decimal Classification Не е повреден без рестрикции заемане за дома 861604 Регионална библиотека "Любен Каравелов" Русе Регионална библиотека "Любен Каравелов" Русе Детски отдел 2021-11-12 Детски отдел 5.59 373.2/Ф 22 Р 120000862409 2.86 Книги
  Не е изгубен Universal Decimal Classification Не е повреден само за читалня ползва се в читалня 884024 Регионална библиотека "Любен Каравелов" Русе Регионална библиотека "Любен Каравелов" Русе Хранилище 2022-05-13 Хранилище 7.99 Цб ІІ 30873 120000872101 4.09 Книги
Vip Innovations Ltd, Rousse, Bulgaria 2025